University Home | Library Home | Institutional Repository

Physiology and pathology of infant nutrition / (Record no. 56147)

MARC details
000 -LEADER
fixed length control field 00884cam2a220024100 4500
001 - CONTROL NUMBER
control field qce00056551
005 - DATE AND TIME OF LATEST TRANSACTION
control field 20190814132947.0
008 - FIXED-LENGTH DATA ELEMENTS--GENERAL INFORMATION
fixed length control field 771011s1955 ilua 000 0 eng
010 ## - LIBRARY OF CONGRESS CONTROL NUMBER
LC control number 55006118 /L
035 ## - SYSTEM CONTROL NUMBER
System control number (Sirsi) r67941
035 ## - SYSTEM CONTROL NUMBER
System control number (QCAT)lss01744537
035 ## - SYSTEM CONTROL NUMBER
System control number (UPRA)qce00056551
040 ## - CATALOGING SOURCE
Modifying agency UPRA
050 ## - LIBRARY OF CONGRESS CALL NUMBER
Classification number RJ216
Item number .M5473
100 1# - MAIN ENTRY--PERSONAL NAME
Personal name Meyer, Ludwig Ferdinand, 1879-
Dates associated with a name Meyer, Ludwig Ferdinand, 1879-
Linkage A28826.1
245 10 - TITLE STATEMENT
Title Physiology and pathology of infant nutrition /
Statement of responsibility, etc. by L.F. Meyer [and] Erich Nassau ; translated by Kurt Glaser and Susanne Glaser.
250 ## - EDITION STATEMENT
Edition statement Completely rev. 2nd ed.
260 ## - PUBLICATION, DISTRIBUTION, ETC.
Place of publication, distribution, etc. Springfield, IL :
Name of publisher, distributor, etc. Thomas,
Date of publication, distribution, etc. [c1955]
650 #0 - SUBJECT ADDED ENTRY--TOPICAL TERM
Topical term or geographic name entry element Infants -- Nutrition.
General subdivision Infants -- Nutrition.
Linkage S6185.1
700 1# - ADDED ENTRY--PERSONAL NAME
Personal name Nassau, Erich, 1888-
Dates associated with a name Nassau, Erich, 1888-
Linkage A28827.1
949 ## - LOCAL PROCESSING INFORMATION (OCLC)
a RJ216
w LC
i -91077
m MEDICAL
t BOOK
l ON-SHELF

No items available.

© 2026 - The University of Zambia Library - Koha v25.11